El suelo: su uso y mejoramiento
Gorde:
| Egile nagusia: | |
|---|---|
| Formatua: | Liburua |
| Hizkuntza: | gaztelania |
| Argitaratua: |
Ciudad de México
Continental
1962
|
| Gaiak: | |
| Etiketak: |
Etiketa erantsi
Etiketarik gabe, Izan zaitez lehena erregistro honi etiketa jartzen!
|
MARC
| LEADER | 00000nam a2200000 a 4500 | ||
|---|---|---|---|
| 001 | UCS7435 | ||
| 003 | CL-VaPUC | ||
| 008 | 971017e19620000MX |||||||||||||||||spa|d | ||
| 082 | 0 | 4 | |a 631.4 |b STA |2 21 |
| 100 | 0 | |a Stallings, J. H |e author |9 392532 | |
| 245 | 1 | 3 | |a El suelo: su uso y mejoramiento |
| 300 | |a 480 p | ||
| 942 | |c BK | ||
| 945 | |d 19971017 00:00:00 |a rleighto | ||
| 260 | |a Ciudad de México |b Continental |c 1962 | ||
| 650 | 0 | |a Suelos |9 260322 | |
| 650 | 0 | |a Riego |9 259685 | |
| 650 | 0 | |a Erosión del suelo |9 361524 | |
| 650 | 0 | |a Conservación del suelo |9 363984 | |
| 650 | 0 | |a Agua del suelo |9 348474 | |
| 583 | |a last modification |c 19971017 00:00:00 |k Rodrigo Vera | ||
| 999 | |c 262530 |d 262528 | ||